Statistics for 1990s Rock Albums by Tracks #2

Click here to take the quiz!

General Stats

  • This quiz has been taken 77 times
    (75 since last reset)
  • The average score is 8 of 17

Answer Stats

TracksAlbum% Correct
Serve the Servants, Heart-Shaped Box, All ApologiesIn Utero
87%
Paranoid Android, Let Down, Karma PoliceOK Computer
81%
Wonderwall, Don't Look Back in Anger, Champagne Supernova(What's the Story) Morning Glory?
72%
Around the World, Scar Tissue, OthersideCalifornication
68%
Tonight Tonight, Bullet With Butterfly Wings, ZeroMellon Collie and the Infinite Sadness
62%
Black Hole Sun, Fell on Black Days, SpoonmanSuperunknown
54%
Monkey Wrench, My Hero, EverlongThe Colour and the Shape
51%
One, Who's Gonna Ride Your Wild Horses, Mysterious WaysAchtung Baby
47%
Daughter, Animal, GoVs.
38%
What's the Frequency Kenneth?, Strange Currencies, Bang and BlameMonster
37%
Grind, Heaven Beside You, Over NowAlice in Chains
35%
Stinkfist, Forty Six & 2, Third EyeAenima
35%
Interstate Love Song, Big Empty, VaselinePurple
28%
Tired of Sex, The Good Life, Across the SeaPinkerton
26%
Brain Stew, Jaded, Walking ContradictionInsomniac
25%
Stop!, Been Caught Stealing, Three DaysRitual de lo Habitual
16%
We're in This Together, Into the Void, Starfuckers Inc.The Fragile
16%

Score Distribution

Percentile by Number Answered

Percent of People with Each Score

Your Score History

You have not taken this quiz since the last reset